| 000 | 00395 a2200133 4500 | ||
|---|---|---|---|
| 999 |
_c1944 _d1944 |
||
| 020 | _a9780821352038 | ||
| 050 | _aHD 76 RIG 2002 | ||
| 245 |
_aThe right to tell: _bthe role of mass media in the economics development/ _cThe World Bank |
||
| 264 |
_aWashington, D.C.: _bWorld Bank, _c2002 |
||
| 300 |
_a322p. _bill. |
||
| 500 | _aincludes index | ||
| 650 | _aMedia mass | ||
| 942 |
_2lcc _cBK _h76 _iRIG _kHD |
||